[Event "EIRCC 2019"]
[Site "Tallinn"]
[Date "2019.12.06"]
[Round "11.15"]
[White "Rogule, Laura"]
[Black "Stupak, Kirill"]
[Result "0-1"]
[WhiteElo "2292"]
[BlackElo "2552"]
[Annotator "ChessBase"]
[PlyCount "52"]
[EventDate "2019.12.05"]
[EventType "swiss"]
[EventCountry "EST"]
[SourceTitle "playchess.com"]
[Source "ChessBase"]
[SourceQuality "1"]
[TimeControl "900+10"]

1. c4 {[%emt 0:00:00]} g6 {[%emt 0:00:05]} 2. Nc3 {[%emt 0:00:35]} Bg7 {[%emt 0:00:01]} 3. g3 {[%emt 0:00:02]} c5 {[%emt 0:00:31]} 4. Bg2 {[%emt 0:00:03]} Nc6 {[%emt 0:00:02]} 5. e4 {[%emt 0:00:08]} e6 {[%emt 0:00:15]} 6. Nge2 {[%emt 0:00:06]} Nge7 7. d3 {[%emt 0:00:44]} O-O {[%emt 0:00:32]} 8. Be3 {[%emt 0:02:50]} Nd4 {[%emt 0:00:32]} 9. h4 {[%emt 0:00:08]} d5 {[%emt 0:02:58]} 10. exd5 {[%emt 0:01:06]} exd5 {[%emt 0:00:12]} 11. Bxd4 {[%emt 0:03:11]} cxd4 {[%emt 0:01:10]} 12. Nxd5 {[%emt 0:00:02]} Nxd5 {[%emt 0:00:17]} 13. Bxd5 {[%emt 0:00:10]} Re8 {[%emt 0:00:46]} 14. Qd2 {[%emt 0:03:50]} Bg4 {[%emt 0:03:46]} 15. f3 {[%emt 0:00:07]} Be6 {[%emt 0:00:21]} 16. Bxb7 {[%emt 0:00:24]} Rb8 {[%emt 0:00:30]} 17. Bc6 {[%emt 0:00:27]} Re7 {[%emt 0:00:01]} 18. O-O-O {[%emt 0:02:01]} Qd6 {[%emt 0:01:19]} 19. Ba4 {[%emt 0:00:10]} Reb7 {[%emt 0:00:02]} 20. b3 {[%emt 0:00:26]} Rb4 {[%emt 0:00:04]} 21. c5 {[%emt 0:01:26]} Qxc5+ {[%emt 0:00:27]} 22. Qc2 {[%emt 0:00:02]} Qa5 {[%emt 0:00:25]} 23. Bc6 {[%emt 0:00:32]} Rc8 {[%emt 0:00:18]} 24. Kb2 {[%emt 0:00:11]} Bd5 {[%emt 0:00:12]} 25. Qd2 {[%emt 0:00:05]} Rxc6 {[%emt 0:00:10]} 26. Rc1 {[%emt 0:00:05]} Rxb3+ {[%emt 0:00:20]} 0-1

[Event "EIRCC 2019"]
[Site "Tallinn"]
[Date "2019.12.06"]
[Round "11.16"]
[White "Dubrovin, Robert"]
[Black "Lintchevski, Daniil"]
[Result "0-1"]
[WhiteElo "2235"]
[BlackElo "2515"]
[Annotator "ChessBase"]
[PlyCount "96"]
[EventDate "2019.12.05"]
[EventType "swiss"]
[EventCountry "EST"]
[SourceTitle "playchess.com"]
[Source "ChessBase"]
[SourceQuality "1"]
[TimeControl "900+10"]

1. d4 {[%emt 0:00:00]} d5 {[%emt 0:00:21]} 2. c4 {[%emt 0:00:00]} dxc4 {[%emt 0:00:06]} 3. Nf3 {[%emt 0:00:00]} a6 {[%emt 0:00:10]} 4. e3 {[%emt 0:00:00]} Bg4 {[%emt 0:00:03]} 5. Bxc4 {[%emt 0:00:05]} e6 {[%emt 0:00:02]} 6. Nc3 {[%emt 0:00:28]} Nf6 {[%emt 0:00:11]} 7. h3 {[%emt 0:00:18]} Bh5 {[%emt 0:00:04]} 8. O-O {[%emt 0:00:39]} Nc6 {[%emt 0:00:08]} 9. Be2 {[%emt 0:00:06]} Bd6 {[%emt 0:00:02]} 10. b3 {[%emt 0:00:01]} O-O {[%emt 0:00:19]} 11. Bb2 {[%emt 0:00:00]} Re8 {[%emt 0:00:09]} 12. Nd2 {[%emt 0:00:16]} Bg6 {[%emt 0:00:12]} 13. Nc4 {[%emt 0:00:14]} Bf8 {[%emt 0:00:49]} 14. Bf3 {[%emt 0:01:24]} Nd5 {[%emt 0:00:03]} 15. a3 {[%emt 0:01:48]} Nce7 {[%emt 0:03:08]} 16. Ne5 {[%emt 0:00:39]} c6 {[%emt 0:00:15]} 17. g3 {[%emt 0:00:10]} Nxc3 {[%emt 0:00:49]} 18. Bxc3 {[%emt 0:00:01]} Nd5 {[%emt 0:00:03]} 19. Bb2 {[%emt 0:00:12]} Nf6 {[%emt 0:00:08]} 20. h4 {[%emt 0:00:21]} Be4 {[%emt 0:00:13]} 21. Be2 {[%emt 0:01:04]} h6 {[%emt 0:00:25]} 22. Rc1 {[%emt 0:00:58]} Nd7 {[%emt 0:00:17]} 23. Nxd7 {[%emt 0:00:30]} Qxd7 {[%emt 0:00:01]} 24. Bd3 {[%emt 0:00:05]} Bxd3 {[%emt 0:00:32]} 25. Qxd3 {[%emt 0:00:01]} e5 {[%emt 0:00:04]} 26. Rfd1 {[%emt 0:00:32]} e4 {[%emt 0:00:07]} 27. Qc4 {[%emt 0:01:13]} Rad8 {[%emt 0:00:05]} 28. d5 {[%emt 0:01:21]} cxd5 {[%emt 0:00:01]} 29. Qd4 {[%emt 0:00:01]} Qg4 {[%emt 0:00:52]} 30. Rc7 {[%emt 0:01:30]} Bd6 {[%emt 0:00:17]} 31. Rc2 {[%emt 0:00:51]} Be5 {[%emt 0:01:01]} 32. Qd2 {[%emt 0:00:01]} d4 {[%emt 0:02:02]} 33. Rc5 {[%emt 0:03:15]} Bf6 {[%emt 0:02:09]} 34. Bxd4 {[%emt 0:01:49]} Bxd4 {[%emt 0:00:01]} 35. exd4 {[%emt 0:00:04]} e3 {[%emt 0:00:01]} 36. Qd3 {[%emt 0:00:36]} e2 {[%emt 0:00:15]} 37. Re1 {[%emt 0:00:00]} Rxd4 {[%emt 0:00:01]} 38. Qc3 {[%emt 0:00:06]} Rd1 {[%emt 0:00:06]} 39. Kh2 {[%emt 0:00:20]} Rxe1 {[%emt 0:00:11]} 40. Qxe1 {[%emt 0:00:01]} Qf3 {[%emt 0:00:10]} 41. Rc2 {[%emt 0:00:09]} g5 {[%emt 0:00:35]} 42. hxg5 {[%emt 0:00:28]} hxg5 {[%emt 0:00:01]} 43. Rc5 {[%emt 0:00:00]} Qf6 {[%emt 0:01:50]} 44. Kg2 {[%emt 0:00:09]} g4 {[%emt 0:00:17]} 45. Rh5 {[%emt 0:00:09]} Kg7 {[%emt 0:00:52]} 46. Rh4 {[%emt 0:00:11]} Re4 {[%emt 0:00:15]} 47. a4 {[%emt 0:00:27]} Qf3+ {[%emt 0:00:23]} 48. Kh2 {[%emt 0:00:01]} Rd4 {[%emt 0:00:14]} 0-1

[Event "EIRCC 2019"]
[Site "Tallinn"]
[Date "2019.12.06"]
[Round "11.17"]
[White "Kanep, Meelis"]
[Black "Nasibullin, Iskander"]
[Result "1-0"]
[WhiteElo "2466"]
[BlackElo "2270"]
[Annotator "ChessBase"]
[PlyCount "69"]
[EventDate "2019.12.05"]
[EventType "swiss"]
[EventCountry "EST"]
[SourceTitle "playchess.com"]
[Source "ChessBase"]
[SourceQuality "1"]
[TimeControl "900+10"]

1. d4 {[%emt 0:00:00]} Nf6 {[%emt 0:00:00]} 2. Bg5 {[%emt 0:00:00]} e6 {[%emt 0:00:00]} 3. e4 {[%emt 0:00:00]} h6 {[%emt 0:00:00]} 4. Bxf6 {[%emt 0:00:00]} Qxf6 {[%emt 0:00:00]} 5. c3 {[%emt 0:00:01]} c5 {[%emt 0:00:03]} 6. Nf3 {[%emt 0:00:04]} cxd4 {[%emt 0:00:46]} 7. cxd4 {[%emt 0:00:02]} d5 {[%emt 0:00:03]} 8. e5 {[%emt 0:00:07]} Qd8 {[%emt 0:00:06]} 9. Nc3 {[%emt 0:00:07]} Nc6 {[%emt 0:00:16]} 10. Bd3 {[%emt 0:00:48]} a6 {[%emt 0:00:35]} 11. O-O {[%emt 0:00:09]} Na5 {[%emt 0:00:23]} 12. Rc1 {[%emt 0:00:33]} Bd7 {[%emt 0:00:21]} 13. Na4 {[%emt 0:03:41]} Nc4 {[%emt 0:04:13]} 14. Bxc4 {[%emt 0:03:05]} dxc4 {[%emt 0:00:04]} 15. Nc3 {[%emt 0:00:02]} Bb4 {[%emt 0:01:34]} 16. Qe2 {[%emt 0:00:46]} Rc8 {[%emt 0:00:17]} 17. Rfd1 {[%emt 0:00:08]} Bxc3 {[%emt 0:02:40]} 18. Rxc3 {[%emt 0:00:20]} Bc6 {[%emt 0:01:10]} 19. Nd2 {[%emt 0:00:34]} b5 {[%emt 0:01:07]} 20. Ne4 {[%emt 0:01:14]} Bxe4 {[%emt 0:00:10]} 21. Qxe4 {[%emt 0:00:01]} Qd5 {[%emt 0:00:05]} 22. Qf4 {[%emt 0:00:10]} b4 {[%emt 0:00:55]} 23. Rg3 {[%emt 0:00:04]} Rg8 {[%emt 0:00:55]} 24. h4 {[%emt 0:00:02]} Rc7 {[%emt 0:00:25]} 25. a3 {[%emt 0:00:45]} c3 {[%emt 0:00:46]} 26. bxc3 {[%emt 0:00:06]} bxc3 {[%emt 0:00:11]} 27. Rc1 {[%emt 0:00:16]} c2 {[%emt 0:00:15]} 28. Rf3 {[%emt 0:01:17]} g5 {[%emt 0:00:39]} 29. hxg5 {[%emt 0:00:35]} Rxg5 {[%emt 0:00:39]} 30. Rxc2 {[%emt 0:02:41]} Rxc2 {[%emt 0:00:24]} 31. Qxf7+ {[%emt 0:00:02]} Kd8 {[%emt 0:00:01]} 32. Qf8+ {[%emt 0:00:02]} Kc7 {[%emt 0:00:26]} 33. Rf7+ {[%emt 0:00:03]} Kc6 {[%emt 0:00:29]} 34. Qe8+ {[%emt 0:00:04]} Kb6 {[%emt 0:00:24]} 35. Qb8+ {[%emt 0:00:04]} 1-0

[Event "EIRCC 2019"]
[Site "Tallinn"]
[Date "2019.12.06"]
[Round "11.18"]
[White "Mickevicius, Juras"]
[Black "Ladva, Ottomar"]
[Result "1-0"]
[WhiteElo "2288"]
[BlackElo "2446"]
[Annotator "TA"]
[PlyCount "135"]
[EventDate "2019.12.05"]
[EventType "swiss"]
[EventCountry "EST"]
[SourceTitle "playchess.com"]
[Source "ChessBase"]
[SourceQuality "1"]

{[%evp 17,139,14,9,19,28,14,5,6,29,0,33,31,31,30,31,-14,-16,-20,0,0,31,0,0,0,-7,-56,-52,-58,-40,-80,-81,-85,-81,-120,-99,-75,-13,-14,-19,-20,-14,-45,-27,-29,-15,-16,-10,-64,-18,-52,-31,-81,-16,-33,0,-47,-14,-52,-38,-109,0,0,0,-64,0,-14,32,-90,-66,-84,-79,-85,0,-11,0,0,0,0,0,0,362,374,333,325,381,357,458,449,692,646,675,654,685,655,992,958,1400,1358,1137,1037,2497,2804,2854,1018,2569,1842,12836,7435,29981,29982,29982,12844,12845,12845,12845,12846,12846,12846,12846,12847,29992,29993,29996,29997]} 1. d4 Nf6 2. c4 e6 3. g3 d5 4. Nf3 dxc4 5. Bg2 c5 6. O-O Nc6 7. Qa4 Bd7 8. Qxc4 b5 9. Qd3 c4 10. Qc2 {E04: Open Catalan: 5 Nf3} (10. Qd1 Rc8 11. b3 Na5 12. Ne5 cxb3 13. axb3 Rxc1 14. Qxc1 Nxb3 15. Qb2 Nxa1 16. Qxa1 Bd6 17. Qxa7 O-O 18. Nxd7 Nxd7 {½-½ (77) Yu,Y (2751)-Harikrishna,P (2744) Huaian 2017}) 10... Be7 11. e4 O-O 12. Qe2 {The position is equal.} Rc8 13. Rd1 $1 Re8 14. Ne5 Qa5 15. Be3 $146 ({Predecessor:} 15. Bg5 Red8 16. Nxd7 Rxd7 17. d5 Rcd8 {½-½ (34) Serarols Mabras,B (2363)-Peycheva,G (2065) Skopje 2019}) 15... Red8 16. Nxc6 Bxc6 17. Nd2 h6 18. f3 Bb7 19. Rdc1 (19. a4 $5) 19... Qb6 20. Qf2 Nd7 21. e5 Bd5 22. f4 Qb7 23. Bxd5 Qxd5 24. a3 Nb6 25. f5 exf5 26. Qxf5 {[#]} Qe6 (26... Bg5 $1 $17 {[%mdl 512]} 27. Bxg5 Qxd4+ {[%mdl 64] Double Attack} 28. Kh1 g6) 27. Qxe6 $11 fxe6 28. Ne4 Nd5 29. Bf2 Rc6 30. Rc2 Rdc8 31. Kg2 a5 {[%cal Ba7a5,Ba5a4][%mdl 32]} 32. Kf3 ({Better is} 32. Nc3 $11) 32... Kh7 33. Nc5 a4 34. Ke4 Nc7 (34... Bxc5 $17 35. dxc5 Rd8) 35. Rd1 Rd8 {aiming for ...Bxc5.} 36. Rdd2 (36. Nd3 $5) 36... Kg6 37. Be3 (37. Nd3 $5) 37... Nd5 $36 {[%mdl 2048] White is under pressure.} 38. Bf2 ({White should play} 38. Nd3 $15) 38... Bg5 ({Black should try} 38... Kf7 $17) 39. Re2 Nc7 40. Nb7 (40. Be1 $11) 40... Rd5 41. Nc5 $1 Kf7 42. Nb7 (42. Be1 $14 {keeps the upper hand.}) 42... Be7 $17 43. Be3 Na6 44. Rf2+ Ke8 (44... Kg8 $17) 45. Rc1 Rd7 46. Nd6+ Bxd6 47. exd6 Rcxd6 48. Rcf1 {Threatening mate with Rf8+.} Kd8 $2 {[%mdl 8192]} (48... Re7 $1 $11) 49. Rf8+ $18 Kc7 50. Bf4 Kc6 51. Bxd6 Rxd6 {[%mdl 4096] Endgame KRR-KRN} 52. R1f7 b4 (52... g5 $142 53. Rh7 Nc7 54. Rxh6 b4 55. axb4 Rd5) 53. Rc8+ Kb6 54. Rxc4 Kb5 55. Rc8 Kb6 56. Rxg7 b3 57. g4 Rd5 58. Re7 Rg5 59. h3 Rg6 60. Kd3 (60. Rce8 $142 e5 61. Re6+ Rxe6 62. Rxe6+ Kb5 63. Rxe5+ Kb6 64. Re6+ Ka7 65. Rxa6+ $1 {[%mdl 512]} Kxa6 66. h4) 60... h5 61. gxh5 Rh6 62. Kc4 Rxh5 63. Rxe6+ Kb7 64. Rg8 (64. Rce8 $142 Nc7 65. R8e7 Rg5 {[#]} 66. d5 $1 {[%mdl 512]} Rg2 67. d6 {[%mdl 64] Pin} Rxb2 68. Rxc7+ Kb6 69. Re8 Rc2+ 70. Kd3) 64... Rh7 65. Reg6 Rxh3 66. R8g7+ Nc7 67. Rf6 Rh2 68. d5 {Played: Rf6-f7} 1-0

[Event "EIRCC 2019"]
[Site "Tallinn"]
[Date "2019.12.06"]
[Round "11.19"]
[White "Chibukhchyan, Erik"]
[Black "Pohjala, Henri"]
[Result "0-1"]
[WhiteElo "2211"]
[BlackElo "2418"]
[Annotator "NA"]
[PlyCount "94"]
[EventDate "2019.12.05"]
[EventType "swiss"]
[EventCountry "EST"]
[SourceTitle "playchess.com"]
[Source "ChessBase"]
[SourceQuality "1"]
[TimeControl "900+10"]

1. e4 {[%emt 0:01:24]} d5 {[%emt 0:00:00]} 2. exd5 {[%emt 0:00:03]} Qxd5 {[%emt 0:00:00]} 3. Nf3 {[%emt 0:00:07]} Nf6 {[%emt 0:00:03]} 4. d4 {[%emt 0:00:01]} Bg4 {[%emt 0:00:03]} 5. Be2 {[%emt 0:00:01]} e6 {[%emt 0:00:03]} 6. O-O {[%emt 0:00:06]} Nc6 {[%emt 0:00:05]} 7. Be3 {[%emt 0:00:23]} Rd8 {[%emt 0:01:41]} 8. Nbd2 {[%emt 0:00:18]} Be7 {[%emt 0:03:14]} 9. c4 {[%emt 0:03:25]} Qd7 {[%emt 0:00:03]} 10. Qb3 {[%emt 0:00:25]} O-O {[%emt 0:00:36]} 11. h3 {[%emt 0:00:03]} Bh5 {[%emt 0:00:52]} 12. Rfd1 {[%emt 0:00:07]} Qc8 {[%emt 0:00:33]} 13. Rac1 {[%emt 0:00:06]} Rfe8 {[%emt 0:01:08]} 14. Nb1 {[%emt 0:00:18]} a6 {[%emt 0:04:07]} 15. Nc3 {[%emt 0:00:16]} h6 {[%emt 0:00:38]} 16. d5 {[%emt 0:01:59]} exd5 {[%emt 0:00:38]} 17. cxd5 {[%emt 0:00:21]} Nb8 {[%emt 0:00:06]} 18. a4 {[%emt 0:01:32]} Bd6 {[%emt 0:00:17]} 19. a5 {[%emt 0:00:38]} Nbd7 {[%emt 0:00:30]} 20. Na4 {[%emt 0:01:07]} Ne5 {[%emt 0:00:49]} 21. Nd4 {[%emt 0:00:01]} Bxe2 {[%emt 0:00:36]} 22. Nxe2 {[%emt 0:00:01]} Ne4 {[%emt 0:01:35]} 23. Nd4 {[%emt 0:00:22]} Qd7 {[%emt 0:00:17]} 24. Qc2 {[%emt 0:00:38]} Bf8 {[%emt 0:00:48]} 25. Ne2 {[%emt 0:01:05]} Nf6 {[%emt 0:00:07]} 26. Nec3 {[%emt 0:01:23]} Nc4 {[%emt 0:00:16]} 27. Bd4 {[%emt 0:00:01]} Be7 {[%emt 0:00:10]} 28. b4 {[%emt 0:01:20]} Na3 {[%emt 0:00:11]} 29. Qb3 {[%emt 0:00:03]} Nb5 {[%emt 0:00:02]} 30. Bxf6 {[%emt 0:00:22]} Bxf6 {[%emt 0:00:06]} 31. Nc5 {[%emt 0:00:03]} Qc8 {[%emt 0:00:18]} 32. Nxb5 {[%emt 0:00:05]} axb5 {[%emt 0:00:02]} 33. Qf3 {[%emt 0:01:04]} Be7 {[%emt 0:00:21]} 34. Rd3 {[%emt 0:01:18]} Qa8 {[%emt 0:00:09]} 35. d6 {[%emt 0:00:08]} Rxd6 {[%emt 0:00:08]} 36. Rxd6 {[%emt 0:00:05]} Bxd6 {[%emt 0:00:02]} 37. Nxb7 {[%emt 0:00:17]} Bxb4 {[%emt 0:00:06]} 38. Rxc7 {[%emt 0:00:04]} Re1+ {[%emt 0:00:23]} 39. Kh2 {[%emt 0:00:04]} Re7 {[%emt 0:00:04]} 40. Rxe7 {[%emt 0:00:09]} Bxe7 {[%emt 0:00:02]} 41. Qc6 {[%emt 0:00:07]} b4 {[%emt 0:00:19]} 42. a6 {[%emt 0:00:09]} Qa7 {[%emt 0:00:13]} 43. Qe8+ {[%emt 0:00:26]} Bf8 {[%emt 0:00:01]} 44. Qe2 {[%emt 0:00:11]} b3 {[%emt 0:00:09]} 45. Na5 {[%emt 0:00:02]} Qc7+ {[%emt 0:00:07]} 46. g3 {[%emt 0:00:08]} Qxa5 {[%emt 0:00:02]} 47. Qc4 {[%emt 0:00:03]} b2 {[%emt 0:00:05]} 0-1

[Event "EIRCC 2019"]
[Site "Tallinn"]
[Date "2019.12.06"]
[Round "11.20"]
[White "D`costa, Lorin"]
[Black "Chukavin, Kirill"]
[Result "1/2-1/2"]
[WhiteElo "2407"]
[BlackElo "2290"]
[Annotator "TA"]
[PlyCount "131"]
[EventDate "2019.12.05"]
[EventType "swiss"]
[EventCountry "EST"]
[SourceTitle "playchess.com"]
[Source "ChessBase"]
[SourceQuality "1"]

{[%evp 9,131,10,15,0,0,0,0,0,0,0,0,0,0,0,0,0,0,0,0,0,0,0,23,28,25,26,20,23,45,51,43,24,34,0,14,12,21,18,60,47,163,149,323,314,366,380,343,295,473,475,457,452,502,466,451,443,549,325,318,319,317,314,543,306,353,290,310,293,368,368,386,246,229,191,165,79,107,107,107,107,107,107,107,107,107,107,107,107,107,107,107,107,107,107,107,107,107,107,107,107,107,107,107,107,107,0,0,0,0,0,0,0,0,0,0,0,0,0,0,0,0,0,0,0]} 1. d4 Nf6 2. Bf4 d5 3. e3 c5 4. dxc5 Qa5+ 5. Nc3 a6 6. Bxb8 {D00: 1 d4 d5: Unusual lines} Rxb8 7. Qd4 $1 e6 8. b4 Qc7 {next ...b6 is good for Black.} 9. Na4 Be7 10. Nf3 Nd7 11. Qd2 $146 ({Predecessor:} 11. Rb1 O-O {0-1 (61) Ivanisevic,I (2622)-Stojanovic,M (2547) Kragujevac 2014}) 11... b6 12. Nxb6 Nxb6 13. cxb6 Rxb6 14. a3 O-O 15. Be2 Bf6 16. Nd4 $1 e5 17. Nb3 e4 {[#] Strongly threatening ...Bc3.} 18. Nd4 Bxd4 19. Qxd4 Rg6 20. g3 Qxc2 21. Bd1 Qc6 22. O-O Bh3 23. Re1 Rh6 24. Bb3 $36 {[%mdl 2048] White has the initiative.} Rh5 (24... Rd6 $14) 25. Rac1 $18 Qh6 $2 (25... Qd6 $16 {was worth a try.} 26. Rc5 Rd8) 26. Bxd5 Bf5 27. Rc6 (27. Bxe4 Bxe4 28. Qxe4 a5 $18) 27... Qg5 28. Bxe4 ({Much less strong is} 28. Rxa6 Qg4 $18) 28... Rd8 $2 (28... Bxe4 29. Qxe4 Rh6) 29. Rd6 Rxd6 30. Qxd6 {[#] White wants to mate with Qb8+.} g6 31. Qb8+ Kg7 32. Qe5+ Kg8 33. Bxf5 Qxf5 34. Qxf5 Rxf5 {[%mdl 4096] Endgame KR-KR} 35. Rc1 a5 $2 (35... Rf6 36. Kf1 Kg7) 36. Rc8+ Kg7 37. Rb8 Rd5 38. Kg2 h5 39. Kf3 Rd3 40. Rb5 a4 41. Ra5 Rxa3 42. h3 (42. Ke4 $18 {is more deadly.}) 42... Ra2 43. g4 hxg4+ 44. hxg4 a3 45. g5 Rb2 46. Rxa3 {aiming for Ra4.} Rxb4 47. e4 Rb5 48. Kf4 Rc5 49. Rd3 Kf8 50. Rd5 Rc2 51. f3 Rc3 52. Ra5 Rb3 53. Ra4 Rc3 54. Kg4 Rb3 55. f4 Kg7 56. Rd4 Re3 57. f5 ({White should try} 57. Rb4 $16) 57... gxf5+ $11 {The position is equal.} 58. exf5 Re1 59. Kf4 Rf1+ 60. Ke5 Rg1 61. Kf4 Rf1+ 62. Kg4 Rg1+ 63. Kf4 Rf1+ 64. Ke5 Rg1 65. g6 Re1+ 66. Re4 {Accuracy: White = 76%, Black = 64%.} 1/2-1/2

[Event "EIRCC 2019"]
[Site "Tallinn"]
[Date "2019.12.06"]
[Round "11.21"]
[White "Vlassow, Valentin"]
[Black "Peterson, Emery"]
[Result "1/2-1/2"]
[WhiteElo "2394"]
[BlackElo "2176"]
[Annotator "TA"]
[PlyCount "106"]
[EventDate "2019.12.05"]
[EventType "swiss"]
[EventCountry "EST"]
[SourceTitle "playchess.com"]
[Source "ChessBase"]
[SourceQuality "1"]

{[%evp 13,106,4,42,39,103,19,16,10,12,5,22,0,0,0,0,0,0,0,33,-5,-8,-9,0,-74,8,8,14,15,40,0,3,-48,-7,-63,-51,-66,-45,-48,-44,-41,-27,-34,99,106,121,155,147,137,372,253,366,161,166,134,128,129,275,293,416,362,29990,116,131,110,463,0,0,0,0,0,0,0,0,0,0,0,0,0,0,0,0,0,0,0,0,0,0,0,0,0,0,0,0,0,0]} 1. e4 e6 2. d4 d5 3. exd5 exd5 4. Nf3 Bd6 5. c4 c6 6. Nc3 Ne7 7. Bd3 Bg4 8. O-O {C01: French: Exchange Variation} Nd7 (8... dxc4 $14 9. Bxc4 O-O) (8... dxc4 9. Bxc4 O-O 10. h3 Bh5 11. g4 Bg6 12. Ne5 b5 13. Bb3 a5 14. Bg5 a4 15. Nxg6 hxg6 16. Bc2 Na6 17. d5 b4 18. Nxa4 cxd5 {0-1 (33) Cabrera Pino,A (2529)-Vallejo Pons,F (2696) Palma de Mallorca 2009}) 9. Re1 (9. cxd5 $16 Nxd5 10. h3) 9... dxc4 $11 10. Bxc4 O-O 11. Bg5 Kh8 $146 ({Predecessor:} 11... Nb6 12. Bb3 Re8 13. a3 h6 14. Bh4 Qd7 15. Ne4 Nf5 16. Bf6 Rxe4 17. Rxe4 Bxf3 18. Qxf3 gxf6 19. Bc2 Bf8 20. Rg4+ Ng7 {1-0 (20) Stefanek,P (2192)-Szczesniak,K (2208) Wisla 2002}) 12. Qe2 {[%cal Rg5e7]} f6 13. Bd2 Nb6 14. Bb3 Ned5 15. Ne4 Re8 16. h3 Bh5 {Threatens to win with ...f5.} 17. Qd3 Bf4 18. Nh4 {[#]} (18. Bc3 $11 {remains equal.}) 18... Bxd2 ({Black should play} 18... g5 $1 $17 {[%cal Rg5h4]} 19. Nf5 Bg6) 19. Qxd2 Qc7 20. Nc5 Bf7 21. a4 $40 {[%mdl 128] Black needs to defend precisely.} Rad8 22. Bc2 (22. Qa5 $11) 22... Nd7 23. Qd3 (23. Nf5 $11) 23... g6 24. Ne4 {[%cal Bc5e4,Be4c3,Bc3d5,Bd5c7,Bc7e6][%mdl 32]} Nb4 25. Qc3 Nxc2 26. Qxc2 Bd5 {White must now prevent ...Qf4.} 27. Nc3 Qf4 (27... Bg8 $15 {keeps the upper hand.}) 28. Nxd5 Qxh4 29. Nc7 Rxe1+ 30. Rxe1 Nb6 $2 (30... Nf8 $16) 31. Re4 Qh6 (31... Qh5 $142 32. Qb3 Rf8) 32. Qe2 (32. a5 $142) 32... Rf8 $18 33. Ne6 Re8 {[#]} 34. Nc5 $1 {[%mdl 512]} Rxe4 (34... Qc1+ $16 35. Kh2 Qf4+ 36. g3 Rxe4 37. Nxe4 Qc7) 35. Qxe4 Qc1+ (35... Qf8 {is a better defense.} 36. Nxb7 Nd5) 36. Kh2 Nd5 $2 (36... Qc4 $18 37. Qe7 (37. Nxb7 Qf7 $18) 37... Qg8) 37. Nxb7 $2 (37. Qe8+ {mates} Kg7 38. Ne6+ Kh6 39. Qf8+ Kh5 40. g4+ Kh4 41. Qd6 Qf4+ 42. Nxf4) 37... Kg7 $16 38. Nc5 Qxb2 $2 {[%mdl 8192]} (38... Qf4+ $16 {is more resistant.} 39. Qxf4 Nxf4) 39. f3 $2 (39. Qe8 $18 Kh6 40. Ne6 (40. Qxc6 Qxd4 41. Qd6 Qf4+ 42. Qxf4+ Nxf4 $11)) 39... Qd2 {The position is equal.} 40. Ne6+ Kf7 41. f4 Ne3 42. Nd8+ Kf8 43. Nxc6 Nf1+ (43... Qf2 $5 44. Qf3 $8 Qe1 $11) 44. Kg1 {Qe7+ is the strong threat.} Ng3 (44... Ne3 $5 45. Kh2 $8 Qf2 $11) 45. Qe7+ Kg8 {aiming for ...Qc1+.} 46. Nd8 {Intending Qf7+ and mate.} Ne2+ 47. Kf1 Ng3+ 48. Kg1 {Threatening mate with Qf7+.} Ne2+ 49. Kf1 Ng3+ 50. Kg1 Qd1+ 51. Kh2 Nf1+ 52. Kg1 {Qf7+ would kill now.} Ng3+ 53. Kh2 {White threatens Qf7+ and mate.} Nf1+ {Accuracy: White = 49%, Black = 36%.} 1/2-1/2